000 00624nam a2200229Ia 4500
003 OSt
005 20221006164517.0
006 a|||||r|||| 00| 0
007 ta
008 221006b |||||||| |||| 00| 0 eng d
024 _a810
037 _cTextual
040 _aFML
_cFML
_beng
041 _2eng
_aeng
082 _aX.1, P9
100 _a#NAME?
245 0 _aGlobal Economic and Financial Crisis
_b Essays from Economic and Political weekly
260 _ahyderabad
_bOrient Blacksavan
_c2009
300 _a388
_ccm.
942 _hX.1, P9
_cTEXL
_2CC
999 _c1117500
_d1117500